[Event "Ascoli op 3rd"]
[Site "Ascoli"]
[Date "2019.06.02"]
[Round "4"]
[White "Garofalo, Pietro"]
[Black "Lauria, Amilcare"]
[Result "1/2-1/2"]
[WhiteElo "2043"]
[BlackElo "2025"]
[PlyCount "93"]
[EventDate "2019.05.31"]
[EventType "swiss"]
[EventRounds "5"]
[EventCountry "ITA"]
[SourceTitle "EXT 2020"]
[Source "ChessBase"]
[SourceDate "2019.10.17"]
[SourceVersion "1"]
[SourceVersionDate "2019.10.17"]
[SourceQuality "1"]

1. c4 g6 2. Nc3 Bg7 3. g3 d6 4. Bg2 Nf6 5. d3 e5 6. Rb1 a5 7. a3 0-0 8. b4 axb4 9. axb4 h6 10. Nf3 Qe7 11. 0-0 Nbd7 12. Bb2 Rd8 13. Ra1 Rb8 14. Qc2 Nf8 15. Nd5 Nxd5 16. cxd5 c6 17. Nd2 cxd5 18. Bxd5 Be6 19. Qb3 Rdc8 20. Rfc1 Rc6 21. Ne4 f5 22. Bxe6+ Qxe6 23. Qxe6+ Nxe6 24. Rxc6 bxc6 25. Nxd6 Rxb4 26. Ra8+ Kh7 27. Nc4 e4 28. Ra7 exd3 29. exd3 Kg8 30. Bxg7 Nxg7 31. Ne5 Rb1+ 32. Kg2 Rd1 33. Rc7 f4 34. Rxc6 Kh7 35. Kf3 fxg3 36. hxg3 g5 37. Ke2 Ra1 38. g4 h5 39. Nf3 Ra5 40. gxh5 Nxh5 41. d4 g4 42. Ne5 g3 43. fxg3 Nxg3+ 44. Kf3 Nf5 45. Rc7+ Kg8 46. Ke4 Nd6+ 47. Kd3 1/2-1/2

[Event "Di Roseto op 1st"]
[Site "Di Roseto"]
[Date "2010.06.07"]
[Round "4"]
[White "Pienabarca, Nicola"]
[Black "Lauria, Amilcare"]
[Result "0-1"]
[WhiteElo "2097"]
[BlackElo "2116"]
[PlyCount "126"]
[EventDate "2010.06.04"]
[EventType "swiss"]
[EventRounds "9"]
[EventCountry "ITA"]
[SourceTitle "CBM 136 Extra"]
[Source "ChessBase"]
[SourceDate "2010.07.02"]
[SourceVersion "2"]
[SourceVersionDate "2010.07.15"]
[SourceQuality "1"]

1. d4 Nf6 2. Nf3 d6 3. g3 g6 4. Bg2 Bg7 5. 0-0 0-0 6. c4 Na6 7. Nc3 c5 8. d5 Nc7 9. Nd2 Bg4 10. Qc2 Rb8 11. a4 Na6 12. h3 Bd7 13. Qd1 Nb4 14. Na2 a5 15. Nxb4 cxb4 16. Rb1 Qc8 17. Kh2 h5 18. b3 h4 19. Bb2 hxg3+ 20. fxg3 Nh5 21. Ne4 Bxb2 22. Rxb2 Bf5 23. e3 Bxe4 24. Bxe4 Nf6 25. Qd4 Qc5 26. Qxc5 dxc5 27. Bd3 Kg7 28. Rbf2 Rbd8 29. g4 Nd7 30. Kg3 Ne5 31. Be2 f6 32. h4 Rd6 33. Bd1 Nd3 34. Rg2 Ne5 35. Bc2 Rh8 36. Rh2 e6 37. e4 Nf7 38. Rhf2 exd5 39. exd5 Re8 40. g5 Re3+ 41. Kg2 f5 42. h5 Nxg5 43. hxg6 Ne4 44. Bxe4 Rxg6+ 45. Kh2 Rxe4 46. Rg2 Rxg2+ 47. Kxg2 Kf6 48. Kf3 Rh4 49. Rd1 Ke7 50. Re1+ Kd7 51. Kg3 Rd4 52. Kf3 Rh4 53. Re3 f4 54. Rd3 b5 55. axb5 Rh3+ 56. Ke4 Rxd3 57. Kxd3 a4 58. bxa4 f3 59. a5 f2 60. Ke2 f1Q+ 61. Kxf1 b3 62. a6 b2 63. a7 b1Q+ 0-1

[Event "Di Roseto op 1st"]
[Site "Di Roseto"]
[Date "2010.06.05"]
[Round "2"]
[White "Lauria, Amilcare"]
[Black "Bellincampi, Stefano"]
[Result "1-0"]
[WhiteElo "2116"]
[BlackElo "2046"]
[PlyCount "143"]
[EventDate "2010.06.04"]
[EventType "swiss"]
[EventRounds "9"]
[EventCountry "ITA"]
[SourceTitle "CBM 136 Extra"]
[Source "ChessBase"]
[SourceDate "2010.07.02"]
[SourceVersion "2"]
[SourceVersionDate "2010.07.15"]
[SourceQuality "1"]

1. e4 e5 2. Nf3 Nc6 3. Bb5 Nf6 4. c3 Bc5 5. 0-0 0-0 6. d4 Bb6 7. dxe5 Nxe4 8. Qe2 d5 9. Nbd2 Nxd2 10. Bxd2 Bg4 11. Rfe1 Re8 12. Bxc6 bxc6 13. h3 Bh5 14. Bf4 Qd7 15. Kh2 Qf5 16. Bg3 Bxf3 17. Qxf3 Qxf3 18. gxf3 Re6 19. f4 f5 20. Rad1 Rd8 21. Rd3 Kf7 22. Red1 a5 23. b3 Rg8 24. Rc1 h6 25. c4 dxc4 26. Rxc4 g5 27. Rc2 Reg6 28. Rf3 c5 29. fxg5 Rxg5 30. Rc4 Ke6 31. Rd3 R5g7 32. Rh4 Rg6 33. Kg2 R8g7 34. Kf3 Rd7 35. Rxd7 Kxd7 36. Ke2 Ke6 37. Kd3 Kd5 38. Rh5 Ke6 39. Kc4 c6 40. Bf4 Ba7 41. a4 Bb6 42. f3 Ba7 43. Rxh6 Rxh6 44. Bxh6 Kxe5 45. Bd2 Bb6 46. h4 Kf6 47. h5 Kg7 48. Bg5 Kh7 49. Kd3 Kg7 50. Ke2 Bc7 51. Ke3 Kh7 52. Bf4 Bb6 53. Ke2 Kg7 54. Kf1 Kh7 55. Kg2 Kg7 56. Kg3 Kh7 57. Kh4 Bd8+ 58. Bg5 Bb6 59. Be7 c4 60. bxc4 Be3 61. Bg5 Bb6 62. Kg3 Bc7+ 63. Kf2 Bb6+ 64. Ke2 Kg7 65. Kd3 Kh7 66. Be3 Bc7 67. Kd4 Bb6+ 68. c5 Bc7 69. Bg5 Kg7 70. Be7 Kh6 71. Bd6 Bd8 72. Ke5 1-0

[Event "Teramo Province-ch"]
[Site "Teramo"]
[Date "2010.01.31"]
[Round "5"]
[White "Pescatore, Lorenzo"]
[Black "Lauria, Amilcare"]
[Result "1/2-1/2"]
[WhiteElo "1917"]
[BlackElo "2131"]
[PlyCount "52"]
[EventDate "2010.01.23"]
[EventType "swiss"]
[EventRounds "5"]
[EventCountry "ITA"]
[SourceTitle "EXT 2024"]
[Source "ChessBase"]
[SourceDate "2023.10.10"]
[SourceVersion "1"]
[SourceVersionDate "2023.10.10"]
[SourceQuality "1"]

1. e4 c5 2. Nc3 e6 3. f4 Nc6 4. Nf3 d5 5. Bb5 d4 6. Ne2 Qb6 7. Bxc6+ Qxc6 8. d3 f6 9. 0-0 b6 10. Kh1 Bb7 11. a4 Nh6 12. Ng3 Nf7 13. Qe2 Be7 14. h3 0-0-0 15. b3 Rhg8 16. Qf2 g5 17. f5 g4 18. hxg4 Rxg4 19. Nh2 Rgg8 20. fxe6 Qxe6 21. Qf5 Kd7 22. Qxe6+ Kxe6 23. Nf5 Ne5 24. Nf3 Bc8 25. Bh6 Ng4 26. Bd2 Bd6 1/2-1/2

[Event "Alba Adriatica op 2nd"]
[Site "Alba Adriatica"]
[Date "2009.06.01"]
[Round "4"]
[White "Lauria, Amilcare"]
[Black "Ljubisavljevic, Zivojin Z"]
[Result "0-1"]
[WhiteElo "2139"]
[BlackElo "2278"]
[PlyCount "92"]
[EventDate "2009.05.30"]
[EventType "swiss"]
[EventRounds "6"]
[EventCountry "ITA"]
[SourceTitle "EXT 2010"]
[Source "ChessBase"]
[SourceDate "2010.11.25"]
[SourceVersion "1"]
[SourceVersionDate "2010.11.25"]
[SourceQuality "1"]

1. e4 g6 2. d4 Bg7 3. Nf3 d6 4. c3 Nf6 5. Bd3 Nc6 6. 0-0 0-0 7. Bg5 h6 8. Bh4 e5 9. d5 Ne7 10. Bxf6 Bxf6 11. c4 Bg7 12. Nc3 g5 13. b4 Ng6 14. Rc1 a5 15. a3 axb4 16. axb4 g4 17. Nd2 h5 18. Ra1 Rxa1 19. Qxa1 Nf4 20. Qb1 Bh6 21. Nb3 Kh8 22. Ne2 h4 23. Nxf4 Bxf4 24. g3 Bh6 25. Qc2 Kg7 26. Qe2 Qg5 27. Rd1 Bd7 28. Ra1 Rg8 29. c5 Qh5 30. Ra2 f5 31. exf5 Bxf5 32. cxd6 cxd6 33. Rc2 Kf6 34. Be4 Bxe4 35. Qxe4 Qf5 36. Qxf5+ Kxf5 37. Rc7 h3 38. Rxb7 Ke4 39. Kf1 Kxd5 40. Ke2 Rc8 41. Rh7 Rc3 42. Na5 Bc1 43. Rg7 Bb2 44. Rxg4 Rc2+ 45. Kd3 Rxf2 46. Nc4 Bd4 0-1

[Event "Alba Adriatica op 2nd"]
[Site "Alba Adriatica"]
[Date "2009.05.31"]
[Round "3"]
[White "Di Lascio, Savino"]
[Black "Lauria, Amilcare"]
[Result "0-1"]
[WhiteElo "1954"]
[BlackElo "2139"]
[PlyCount "98"]
[EventDate "2009.05.30"]
[EventType "swiss"]
[EventRounds "6"]
[EventCountry "ITA"]
[SourceTitle "EXT 2010"]
[Source "ChessBase"]
[SourceDate "2010.11.25"]
[SourceVersion "1"]
[SourceVersionDate "2010.11.25"]
[SourceQuality "1"]

1. b4 d6 2. Bb2 e5 3. d3 Nf6 4. Nf3 Be7 5. g3 0-0 6. Bg2 c6 7. c4 Bf5 8. 0-0 Nbd7 9. Nbd2 h6 10. a4 Qc7 11. e4 Bg4 12. Qb3 a5 13. b5 Nc5 14. Qc2 cxb5 15. axb5 Rac8 16. h3 Bxf3 17. Bxf3 Ne6 18. Bg4 b6 19. Rad1 Nxg4 20. hxg4 Qd7 21. Rc1 Bg5 22. Qd1 h5 23. Rc2 h4 24. Kg2 hxg3 25. fxg3 g6 26. Nf3 Be7 27. Nh4 Kg7 28. Qf3 Bg5 29. Rcf2 Bxh4 30. gxh4 f6 31. Kg3 Rf7 32. Qe3 Qc7 33. Bc1 Rh8 34. Rh1 Qc5 35. Qd2 Nf4 36. Qc3 g5 37. h5 Rd8 38. Kf3 d5 39. Bxf4 dxe4+ 40. dxe4 gxf4 41. h6+ Kh7 42. g5 fxg5 43. Rg2 Rfd7 44. Kg4 Rd3 45. Qb2 Qc8+ 46. Kh5 Rh3+ 47. Kxg5 Rxh1 48. Qxe5 Rg8+ 49. Kxf4 Qf8+ 0-1

[Event "Alba Adriatica op 2nd"]
[Site "Alba Adriatica"]
[Date "2009.05.30"]
[Round "1"]
[White "Di Martino, Antonio"]
[Black "Lauria, Amilcare"]
[Result "1/2-1/2"]
[WhiteElo "1865"]
[BlackElo "2139"]
[PlyCount "39"]
[EventDate "2009.05.30"]
[EventType "swiss"]
[EventRounds "6"]
[EventCountry "ITA"]
[SourceTitle "EXT 2010"]
[Source "ChessBase"]
[SourceDate "2010.11.25"]
[SourceVersion "1"]
[SourceVersionDate "2010.11.25"]
[SourceQuality "1"]

1. e4 c5 2. Nf3 e6 3. d4 cxd4 4. Nxd4 a6 5. a3 Nf6 6. Nc3 Qc7 7. Be2 b5 8. Be3 Bb7 9. f3 d6 10. Qd2 Nbd7 11. 0-0 Be7 12. Kh1 0-0 13. Rac1 Rac8 14. Rfd1 Ne5 15. Qe1 Kh8 16. Qf2 Nc4 17. Bxc4 Qxc4 18. Nb3 Qc7 19. Bb6 Qb8 20. Ba7 1/2-1/2

[Event "Prati di Tivo Gran Sasso op"]
[Site "Prati di Tivo"]
[Date "2006.09.07"]
[Round "6"]
[White "Stoyko, Maksym"]
[Black "Lauria, Amilcare"]
[Result "1-0"]
[WhiteElo "1978"]
[BlackElo "2185"]
[PlyCount "103"]
[EventDate "2006.09.03"]
[EventType "swiss"]
[EventRounds "6"]
[EventCountry "ITA"]
[SourceTitle "EXT 2024"]
[Source "ChessBase"]
[SourceDate "2023.10.10"]
[SourceVersion "1"]
[SourceVersionDate "2023.10.10"]
[SourceQuality "1"]

1. d4 g6 2. c4 Bg7 3. e4 d6 4. Nc3 Nf6 5. f3 0-0 6. Bg5 c6 7. Qd2 Qa5 8. Bd3 Nbd7 9. Nge2 e5 10. d5 Nc5 11. Bc2 Bd7 12. a3 Na6 13. 0-0 c5 14. Nc1 Rae8 15. Nd3 Qc7 16. Rac1 Kh8 17. Bh6 Ng8 18. Bxg7+ Kxg7 19. Qg5 Nh6 20. f4 f6 21. Qg3 exf4 22. Nxf4 Re5 23. h4 Bg4 24. Bd1 Bc8 25. Nh5+ Kh8 26. Rxf6 Rg8 27. Qe3 Ng4 28. Bxg4 Bxg4 29. Ng3 Qe7 30. Rcf1 Bf5 31. Nxf5 Qxf6 32. Nh6 Qxh4 33. Nf7+ Kg7 34. Nxe5 dxe5 35. Qf3 Qe7 36. Nb5 Nb8 37. Nxa7 Nd7 38. Nb5 Rf8 39. Qe3 Nf6 40. d6 Qe6 41. Qxc5 Nd7 42. Qc7 Rxf1+ 43. Kxf1 Qg4 44. Nc3 Qf4+ 45. Ke2 Qg4+ 46. Kd3 Qg3+ 47. Kc2 Qxg2+ 48. Kb3 Qg4 49. Nd5 Kh6 50. Nb6 Nxb6 51. Qxb6 Qxe4 52. Qc7 1-0

[Event "Porto San Giorgio op 15th"]
[Site "Porto San Giorgo"]
[Date "2003.08.28"]
[Round "8"]
[White "Lauria, Amilcare"]
[Black "Aleksic, Nenad"]
[Result "0-1"]
[WhiteElo "2174"]
[BlackElo "2369"]
[PlyCount "94"]
[EventDate "2003.08.21"]
[EventType "swiss"]
[EventRounds "9"]
[EventCountry "ITA"]
[SourceTitle "CBM 095 Extra"]
[Source "ChessBase"]
[SourceDate "2003.09.04"]
[SourceVersion "1"]
[SourceVersionDate "2003.09.04"]
[SourceQuality "1"]

1. e4 c5 2. Nf3 d6 3. d4 cxd4 4. Nxd4 Nf6 5. Nc3 a6 6. Be3 e6 7. f3 b5 8. Qd2 Nbd7 9. 0-0-0 Bb7 10. g4 Nb6 11. Qf2 Nfd7 12. h4 Rc8 13. Bd3 Rxc3 14. bxc3 Qc7 15. Nb3 Na4 16. Bd2 d5 17. exd5 Bxd5 18. Be4 Ndb6 19. Rhe1 Qd6 20. Be3 Qa3+ 21. Kd2 Nc4+ 22. Ke2 Bxe4 23. fxe4 Nxc3+ 24. Kf1 Nxd1 25. Rxd1 Nxe3+ 26. Qxe3 Be7 27. Qc3 0-0 28. g5 g6 29. Rd7 Bb4 30. Qd4 e5 31. Qa1 Re8 32. Rd3 Bf8 33. Rd5 Qb4 34. Qe1 Qc4+ 35. Qe2 Qc7 36. Nc1 Rc8 37. Nd3 Bg7 38. Rc5 Qd7 39. Rxc8+ Qxc8 40. Kg2 Qc4 41. Nc1 Qe6 42. Kg3 h6 43. Nb3 hxg5 44. hxg5 Bf8 45. Qd3 Qb6 46. Qd2 Qg1+ 47. Qg2 Qe3+ 0-1

[Event "Porto San Giorgio op 15th"]
[Site "Porto San Giorgo"]
[Date "2003.08.26"]
[Round "6"]
[White "Ventura, Giuseppe"]
[Black "Lauria, Amilcare"]
[Result "0-1"]
[WhiteElo "2035"]
[BlackElo "2174"]
[PlyCount "62"]
[EventDate "2003.08.21"]
[EventType "swiss"]
[EventRounds "9"]
[EventCountry "ITA"]
[SourceTitle "CBM 095 Extra"]
[Source "ChessBase"]
[SourceDate "2003.09.04"]
[SourceVersion "1"]
[SourceVersionDate "2003.09.04"]
[SourceQuality "1"]

1. d4 g6 2. c4 Bg7 3. Nc3 d6 4. e4 Nc6 5. d5 Nd4 6. Be3 c5 7. dxc6 Nxc6 8. Qd2 Be6 9. Nf3 Qa5 10. Nd5 Qxd2+ 11. Bxd2 Rc8 12. Rc1 Nh6 13. Be2 0-0 14. b4 f5 15. b5 Bxd5 16. exd5 Nd8 17. 0-0 Nhf7 18. Be3 b6 19. Bd4 e5 20. dxe6 Nxe6 21. Bxg7 Kxg7 22. Rfd1 Rfe8 23. Bf1 Kf6 24. h3 Rc7 25. g4 Rec8 26. Kg2 h6 27. Kg3 Rc5 28. gxf5 gxf5 29. Be2 d5 30. cxd5 Rxc1 31. dxe6 Rxd1 0-1

[Event "Porto San Giorgio op 15th"]
[Site "Porto San Giorgo"]
[Date "2003.08.24"]
[Round "4"]
[White "Georgiev, Vladimir"]
[Black "Lauria, Amilcare"]
[Result "1-0"]
[WhiteElo "2566"]
[BlackElo "2174"]
[PlyCount "105"]
[EventDate "2003.08.21"]
[EventType "swiss"]
[EventRounds "9"]
[EventCountry "ITA"]
[SourceTitle "CBM 095 Extra"]
[Source "ChessBase"]
[SourceDate "2003.09.04"]
[SourceVersion "1"]
[SourceVersionDate "2003.09.04"]
[SourceQuality "1"]

1. c4 g6 2. e4 d6 3. d4 Bg7 4. Nc3 c6 5. h3 Nd7 6. Be3 Qa5 7. Bd3 c5 8. Nge2 Ngf6 9. 0-0 cxd4 10. Nxd4 Ne5 11. Be2 0-0 12. f4 Nc6 13. Nb3 Qd8 14. Bf3 Be6 15. Qe2 Na5 16. Nd5 Rc8 17. Nd2 Bxd5 18. exd5 b6 19. b4 Nb7 20. Nb3 Qc7 21. Rac1 Nd8 22. c5 dxc5 23. bxc5 bxc5 24. Rxc5 Qd7 25. Rxc8 Qxc8 26. Bxa7 Qd7 27. Bc5 Nb7 28. Qxe7 Nxc5 29. Qxc5 Rc8 30. Qa5 Ne8 31. Bg4 f5 32. Bf3 Nd6 33. Rd1 Nc4 34. Qa6 Nd6 35. Nd4 Bxd4+ 36. Rxd4 Rc1+ 37. Rd1 Rxd1+ 38. Bxd1 Qe7 39. Bf3 Qe3+ 40. Kf1 Qxf4 41. Qa8+ Kg7 42. Qa7+ Kh6 43. Qc7 Qb4 44. Qc1+ Kg7 45. a3 Qd4 46. Qc7+ Nf7 47. Qe7 Qa1+ 48. Kf2 f4 49. Qb4 Qc1 50. Qd4+ Kf8 51. a4 g5 52. d6 Qc2+ 53. Be2 1-0

[Event "Porto San Giorgio op 15th"]
[Site "Porto San Giorgo"]
[Date "2003.08.23"]
[Round "3"]
[White "Lauria, Amilcare"]
[Black "Burmakin, Vladimir"]
[Result "1/2-1/2"]
[WhiteElo "2174"]
[BlackElo "2575"]
[PlyCount "151"]
[EventDate "2003.08.21"]
[EventType "swiss"]
[EventRounds "9"]
[EventCountry "ITA"]
[SourceTitle "CBM 095 Extra"]
[Source "ChessBase"]
[SourceDate "2003.09.04"]
[SourceVersion "1"]
[SourceVersionDate "2003.09.04"]
[SourceQuality "1"]

1. e4 c6 2. d4 d6 3. Nf3 Nd7 4. Bc4 d5 5. exd5 Nb6 6. Bd3 cxd5 7. 0-0 Nf6 8. Bf4 g6 9. Nc3 a6 10. Re1 Bg7 11. Qd2 0-0 12. Bh6 Re8 13. Bxg7 Kxg7 14. Ne5 Be6 15. Rad1 Nc8 16. Qf4 Nd6 17. g4 b5 18. f3 Qc8 19. Re2 Rb8 20. h4 Nc4 21. Bxc4 dxc4 22. d5 Qc5+ 23. Qd4 Qxd4+ 24. Rxd4 Bc8 25. Nc6 Rb7 26. g5 Ng8 27. Ne4 Rc7 28. Nd6 Rf8 29. Nxc8 Rfxc8 30. c3 Rd7 31. Ne5 Rd6 32. f4 f6 33. Nc6 Kf8 34. a3 e6 35. Nb4 a5 36. Nc2 exd5 37. Red2 Rcd8 38. Ne3 fxg5 39. fxg5 Ne7 40. Kf2 Kf7 41. a4 Ke6 42. Re2 Kd7 43. axb5 Rb8 44. Red2 Rxb5 45. Nxc4 Re6 46. Ne3 Kc6 47. Rf4 Re4 48. Kf3 Rxf4+ 49. Kxf4 Rb8 50. Ng4 Kd6 51. Nf6 Rc8 52. Rd4 Ke6 53. Ra4 h5 54. Rxa5 Rc4+ 55. Kf3 Rxh4 56. Ra6+ Kf5 57. Kg3 Rc4 58. Ra5 Ke5 59. Rb5 Rf4 60. b3 h4+ 61. Kg2 Ke6 62. Rc5 Rf5 63. Nh7 Re5 64. b4 Kd6 65. Ra5 Re2+ 66. Kf1 Rc2 67. Ra6+ Ke5 68. Nf8 Nf5 69. Nxg6+ Ke4 70. Re6+ Kf3 71. Ne5+ Kg3 72. g6 h3 73. g7 Nxg7 74. Rg6+ Kf4 75. Nd3+ Ke3 76. Rxg7 1/2-1/2

[Event "Porto San Giorgio op 13th"]
[Site "Porto San Giorgio"]
[Date "2001.08.28"]
[Round "8"]
[White "Todorov, Ognjan"]
[Black "Lauria, Amilcare"]
[Result "1-0"]
[WhiteElo "2349"]
[BlackElo "2159"]
[PlyCount "79"]
[EventDate "2001.08.21"]
[EventType "swiss"]
[EventRounds "9"]
[EventCountry "ITA"]
[SourceTitle "EXT 2002"]
[Source "ChessBase"]
[SourceDate "2001.11.25"]
[SourceVersion "1"]
[SourceVersionDate "2001.11.25"]
[SourceQuality "1"]

1. d4 g6 2. Nf3 Bg7 3. c4 d6 4. Nc3 Nf6 5. g3 c6 6. Bg2 0-0 7. 0-0 a5 8. h3 Na6 9. e4 Rb8 10. Qe2 Nc7 11. a4 Bd7 12. e5 dxe5 13. dxe5 Nfe8 14. Rd1 Qc8 15. Kh2 h6 16. Be3 b6 17. Rac1 c5 18. Qd2 Bc6 19. Bxh6 Qb7 20. Nd5 Nxd5 21. cxd5 Bxa4 22. Re1 Rd8 23. Qf4 Bb3 24. d6 exd6 25. Ng5 Qc7 26. Qh4 Bxh6 27. Qxh6 f6 28. e6 fxg5 29. e7 Ng7 30. Qxg5 Bf7 31. h4 Rde8 32. exf8Q+ Rxf8 33. Re7 Qc8 34. Rce1 Qf5 35. Qxf5 Nxf5 36. Rb7 d5 37. Rxb6 Rd8 38. Rb5 c4 39. Rxa5 Nd4 40. Rd1 1-0

[Event "Nereto op"]
[Site "Nareto"]
[Date "1999.??.??"]
[Round "5"]
[White "Sbraccia, Giovanni"]
[Black "Lauria, Amilcare"]
[Result "0-1"]
[WhiteElo "2126"]
[BlackElo "2185"]
[PlyCount "108"]
[EventDate "1999.??.??"]
[EventType "swiss"]
[EventRounds "9"]
[EventCountry "ITA"]
[SourceTitle "EXT 2000"]
[Source "ChessBase"]
[SourceDate "1999.11.16"]
[SourceVersion "1"]
[SourceVersionDate "1999.11.16"]
[SourceQuality "1"]

1. g3 g6 2. Bg2 Bg7 3. e4 d6 4. d3 c5 5. f4 Nc6 6. Nf3 Nf6 7. 0-0 0-0 8. c3 c4 9. h3 e5 10. Re1 exf4 11. gxf4 Re8 12. Na3 cxd3 13. Qxd3 Rxe4 14. Rxe4 Bf5 15. Nh4 Bxe4 16. Bxe4 Nxe4 17. Qxe4 Qxh4 18. Kg2 d5 19. Qe2 d4 20. Bd2 dxc3 21. bxc3 Qe7 22. Qxe7 Nxe7 23. Kf3 Rd8 24. Ke2 Nf5 25. Rb1 Nd6 26. Rb3 f5 27. c4 Bd4 28. h4 Bc5 29. Bb4 Ne4 30. Bxc5 Nxc5 31. Rb5 b6 32. h5 Kf7 33. Rb1 Ne4 34. hxg6+ hxg6 35. Rb2 Nc3+ 36. Ke1 Rd1+ 37. Kf2 Rd4 38. Rb3 Rxf4+ 39. Ke3 Re4+ 40. Kd2 Na4 41. Nb5 Kf6 42. Rb4 Nc5 43. Nxa7 Nd7 44. Nc8 Re6 45. Ra4 g5 46. Ra7 Nc5 47. Rh7 Kg6 48. Re7 Rc6 49. Re8 Kh5 50. Ke3 Kg4 51. Na7 Rd6 52. Nb5 f4+ 53. Kf2 Rd2+ 54. Re2 Ne4+ 0-1

[Event "Nereto op"]
[Site "Nereto"]
[Date "1998.??.??"]
[Round "?"]
[White "Komljenovic, Davorin"]
[Black "Lauria, Amilcare"]
[Result "1/2-1/2"]
[WhiteElo "2425"]
[BlackElo "2240"]
[PlyCount "103"]
[EventDate "1998.??.??"]
[EventType "swiss"]
[EventRounds "9"]
[EventCountry "ITA"]
[SourceTitle "EXT 2000"]
[Source "ChessBase"]
[SourceDate "1999.11.16"]
[SourceVersion "1"]
[SourceVersionDate "1999.11.16"]
[SourceQuality "1"]

1. c4 g6 2. Nc3 Bg7 3. d4 d6 4. g3 Nc6 5. d5 Nb8 6. Bg2 Nf6 7. Nf3 0-0 8. 0-0 a5 9. Bf4 Na6 10. Qd2 Nc5 11. Bh6 Bg4 12. Bxg7 Kxg7 13. h3 Bd7 14. Ne1 Qc8 15. Kh2 Ng8 16. Qd4+ f6 17. e4 e5 18. dxe6 Nxe6 19. Qe3 Nh6 20. Nd3 Ng5 21. g4 Bxg4 22. c5 Bf3 23. Ne1 Bxg2 24. Nxg2 Re8 25. cxd6 Nf5 26. Qd3 Nxd6 27. Rae1 Qe6 28. e5 Qf5 29. Qxf5 Nxf5 30. f4 Ne6 31. exf6+ Kxf6 32. Nd5+ Kf7 33. Rxe6 Rxe6 34. Nxc7 Rc8 35. Nxe6 Kxe6 36. Rf2 Rc1 37. Re2+ Kd6 38. Ne1 Rd1 39. Nf3 Nd4 40. Nxd4 Rxd4 41. Kg3 Rd3+ 42. Kg4 Rd5 43. h4 b5 44. Re8 Kd7 45. Ra8 h5+ 46. Kf3 a4 47. Ra7+ Ke6 48. Ke3 Rc5 49. Rg7 a3 50. bxa3 Rc3+ 51. Ke4 Rxa3 52. Rb7 1/2-1/2

[Event "Nereto op"]
[Site "Nereto"]
[Date "1998.??.??"]
[Round "?"]
[White "Lauria, Amilcare"]
[Black "Safranska, Anda"]
[Result "1-0"]
[WhiteElo "2240"]
[BlackElo "2295"]
[PlyCount "47"]
[EventDate "1998.??.??"]
[EventType "swiss"]
[EventRounds "9"]
[EventCountry "ITA"]
[SourceTitle "EXT 2000"]
[Source "ChessBase"]
[SourceDate "1999.11.16"]
[SourceVersion "1"]
[SourceVersionDate "1999.11.16"]
[SourceQuality "1"]

1. e4 Nf6 2. Bc4 d6 3. d3 e5 4. Nf3 Be7 5. 0-0 0-0 6. Nc3 c6 7. Bb3 b5 8. a4 b4 9. Ne2 Nbd7 10. c3 d5 11. Ng3 Re8 12. Re1 Bf8 13. d4 exd4 14. e5 Ng4 15. cxd4 g6 16. h3 Nh6 17. Bg5 f6 18. exf6 Rxe1+ 19. Qxe1 Nf7 20. Rc1 Bb7 21. h4 Qe8 22. Qd2 h6 23. Re1 Qd8 24. Qd3 1-0

[Event "Nereto op"]
[Site "Nereto"]
[Date "1998.??.??"]
[Round "?"]
[White "Lauria, Amilcare"]
[Black "Sansonetti, Giorgio"]
[Result "0-1"]
[WhiteElo "2240"]
[BlackElo "2195"]
[PlyCount "78"]
[EventDate "1998.??.??"]
[EventType "swiss"]
[EventRounds "9"]
[EventCountry "ITA"]
[SourceTitle "EXT 2000"]
[Source "ChessBase"]
[SourceDate "1999.11.16"]
[SourceVersion "1"]
[SourceVersionDate "1999.11.16"]
[SourceQuality "1"]

1. e4 c5 2. Nf3 Nc6 3. Bb5 e6 4. 0-0 Nge7 5. Nc3 a6 6. Bxc6 Nxc6 7. d3 Be7 8. Bf4 d6 9. e5 d5 10. Qd2 h6 11. d4 b6 12. Be3 Bb7 13. Kh1 Qc7 14. Rfe1 g5 15. h3 0-0-0 16. a3 Rdg8 17. Na4 c4 18. b3 Na5 19. Reb1 Bc6 20. Nc3 cxb3 21. cxb3 g4 22. hxg4 Rxg4 23. Nh2 Rg6 24. Ne2 Kb7 25. Nf4 Rg7 26. Ra2 h5 27. Rc2 Bxa3 28. b4 Nc4 29. Rxc4 dxc4 30. d5 Bxd5 31. Nxd5 exd5 32. Qc3 Rhg8 33. Bd4 Rxg2 34. Qxa3 Qe7 35. Qh3 Qe6 36. Qf3 Kc6 37. Ra1 Kb7 38. b5 a5 39. Ra4 Rg1# 0-1

[Event "San Benedetto op"]
[Site "San Benedetto del Tronto"]
[Date "1998.??.??"]
[Round "?"]
[White "Rotstein, Arkadij"]
[Black "Lauria, Amilcare"]
[Result "1-0"]
[WhiteElo "2485"]
[BlackElo "2240"]
[PlyCount "33"]
[EventDate "1998.??.??"]
[EventType "swiss"]
[EventRounds "9"]
[EventCountry "ITA"]
[SourceTitle "EXT 2000"]
[Source "ChessBase"]
[SourceDate "1999.11.16"]
[SourceVersion "1"]
[SourceVersionDate "1999.11.16"]
[SourceQuality "1"]

1. c4 g6 2. g3 Bg7 3. Bg2 d6 4. d4 Nc6 5. Nf3 Nf6 6. Nc3 0-0 7. 0-0 Bg4 8. d5 Nb8 9. Nd4 Qd7 10. b4 Bh3 11. Rb1 Bxg2 12. Kxg2 e5 13. Nb3 Nh5 14. c5 a6 15. Na5 c6 16. Nc4 cxd5 17. Nb6 1-0